In the matter of certain floppy disk drives and components there of investigation

Αποθηκεύτηκε σε:
Λεπτομέρειες βιβλιογραφικής εγγραφής
Συγγραφή απο Οργανισμό/Αρχή: United States International Trade Commission
Μορφή: Βιβλίο
Γλώσσα:Undetermined
Έκδοση: U.S.A. United States International Trade Commission 1985
Θέματα:
Ετικέτες: Προσθήκη ετικέτας
Δεν υπάρχουν, Καταχωρήστε ετικέτα πρώτοι!
Thư viện lưu trữ: Trung tâm Học liệu Trường Đại học Cần Thơ
LEADER 00610nam a2200181Ia 4500
001 CTU_99029
008 210402s9999 xx 000 0 und d
082 |a 338.4 
082 |b U58 
110 |a United States International Trade Commission 
245 0 |a In the matter of certain floppy disk drives and components there of investigation 
245 0 |c United States International Trade Commission 
260 |a U.S.A. 
260 |b United States International Trade Commission 
260 |c 1985 
650 |a Developing countries 
904 |i Giang 
980 |a Trung tâm Học liệu Trường Đại học Cần Thơ